Sandra Bullock Movies: Sudden Death - Statistics

General Stats
  • This quiz has been taken 324 times
  • The average score is 8 of 28
Answers on the Grid
Answers color-coded by a green-red scale on the quiz's grid according to % correct below.
Two if by Sea
Gravity
Ocean's Twelve
Identify Thief
Speed
A Time to Kill
The Heat
Premonition
Failure to Launch
Forces of Nature
Bullet Train
The Net
Divine Secrets of the Yaya Sisterhood
28 Days Later
Miss Congeniality
Infamous
That Thing You Do
While You Were Sleeping
Ticket to Paradise
Despicable Me
Bird Box
The Proposal
Leap Year
Practical Magic
Our Brand is Crisis
Murder by Numbers
Hope Floats
Demolition Man
The Lost City
The Hustle
The Prince of Egypt
All About Steve
The Beach House
Crash
The Hours
The Blind Side
The Unforgivable
Two Weeks Notice
The Big Short
In Love and War
 
Answer Stats
Answer % Correct
Gravity
76%
Speed
64%
Miss Congeniality
60%
The Proposal
47%
Bird Box
43%
The Blind Side
43%
While You Were Sleeping
40%
Two Weeks Notice
36%
The Heat
35%
The Net
35%
A Time to Kill
34%
Practical Magic
29%
Crash
26%
Hope Floats
25%
Forces of Nature
24%
The Lost City
23%
Premonition
20%
Bullet Train
19%
Demolition Man
19%
Divine Secrets of the Yaya Sisterhood
16%
Two if by Sea
16%
All About Steve
14%
Murder by Numbers
14%
The Unforgivable
10%
In Love and War
9%
The Prince of Egypt
8%
Infamous
7%
Our Brand is Crisis
7%
No matching quizzes found
Score Distribution
Percent of People with Each Score
Percentile by Number Answered
Your Score History
You have not taken this quiz